000 00453nam a22001577a 4500
003 macl
005 20190407123214.0
008 190407b xxu||||| |||| 00| 0 eng d
040 _cmacl
082 _a920/JHA
100 _aझा ,प्रभात
_974195
245 _aहमारे अटल जी
260 _aदिल्‍ली
_bप्रभात प्रकाशन
_c2015
651 _aजीवनी
_974196
942 _2ddc
_cHIN
999 _c59305
_d59305